000 00637nam a22001937a 4500
999 _c97949
_d97949
005 20221216150446.0
010 _aENG-114399 ENG-135895
020 _a9789351436188
_c450.00
035 _aEN-97931
035 _aEN-119427
037 _bDBAD/PUB
082 _a910
245 _aJigeesha's Indian & world geography :
_bfor Civil Services (preliminary) examination
260 _aGurgaon
_bLexisNexis
_c(201?)
270 _a14th Floor, Building No.10, Tower-B, DLF Cyber City, Phase-II
_bGurgaon
_e122002
300 _avarious pagings
_c24cm(pbk)
490 _aCATAPULT test prep series
942 _2ddc
_cEN
_mJIG
_h910